Business english #2 Job interview - Statistiques

Statistiques générales
  • Ce quiz a été pris 32 fois
  • Le résultat moyen est 5 sur 20
Statistiques - réponses
Hint Réponse % Correct
Un CV a resume
67%
Carrière career
67%
Menaces threats
48%
Faiblesse weeknesses
48%
Postuler to apply
37%
Démissionner to quit
37%
Partir à la retraite to retire
37%
Une lettre de motivation a cover letter
33%
Forces strengths
33%
Un reçu a receipt
30%
Le personnel the staff
19%
Etre sans emploi to be unemployed
19%
Une plage horaire de travail a shift
15%
Obtenir un diplôme get a diploma
15%
Les matières premieres the raw materials
15%
Le prix de vente the selling price
11%
Un CDI a permanent contract
4%
Un CDD a fixed-term contract
0%
Etre licencié to be made redundant
0%
Payer comptant to pay in full
0%
Aucun quiz correspondant
Distribution des résultats
% des personnes avec chaque résultat
Percentile par nombre de réponses
Votre historique - résultats
Vous n’avez pas pris ce quiz